101 akhlak Rasulullah (Record no. 118134)

MARC details
000 -LEADER
fixed length control field 00670nam a2200241 i 4500
001 - CONTROL NUMBER
control field C2-0317035
003 - CONTROL NUMBER IDENTIFIER
control field PPAK
005 - DATE AND TIME OF LATEST TRANSACTION
control field 20180728113221.0
008 - FIXED-LENGTH DATA ELEMENTS--GENERAL INFORMATION
fixed length control field 120815s2010 my a|||| ||||| | may d
020 ## - INTERNATIONAL STANDARD BOOK NUMBER
International Standard Book Number 9789675137518
040 ## - CATALOGING SOURCE
Original cataloging agency PPAK
Language of cataloging eng
Transcribing agency PPAK
Description conventions rda
082 04 - DEWEY DECIMAL CLASSIFICATION NUMBER
Classification number 297.57
Edition number 23
090 00 - LOCALLY ASSIGNED LC-TYPE CALL NUMBER (OCLC); LOCAL CALL NUMBER (RLIN)
Classification number (OCLC) (R) ; Classification number, CALL (RLIN) (NR) 297.57
Feature heading ROH
Feature heading K
100 0# - MAIN ENTRY--PERSONAL NAME
Personal name Rohayati Bakri,
Relator term author
245 10 - TITLE STATEMENT
Title 101 akhlak Rasulullah
264 #1 - PRODUCTION, PUBLICATION, DISTRIBUTION, MANUFACTURE, AND COPYRIGHT NOTICE
Place of production, publication, distribution, manufacture Batu Caves, Selangor :
Name of producer, publisher, distributor, manufacturer PTS Millennia ,
Date of production, publication, distribution, manufacture, or copyright notice 2010
300 ## - PHYSICAL DESCRIPTION
Extent 225 pages :
Other physical details illustrations ;
Dimensions 25 cm
336 ## - CONTENT TYPE
Source rdacontent
Content type term text
337 ## - MEDIA TYPE
Source rdamedia
Media type term unmediated
338 ## - CARRIER TYPE
Source rdacarrier
Carrier type term volume
650 10 - SUBJECT ADDED ENTRY--TOPICAL TERM
Topical term or geographic name entry element Muslims - Conduct of life
942 ## - ADDED ENTRY ELEMENTS (KOHA)
-- dc
Koha item type Book
Holdings
Withdrawn Not for loan Current library Shelving location Date acquired Total Checkouts Total Renewals Full call number Barcode Date last seen Date last checked out Koha item type Checked out
    Perpustakaan Alor Setar Pinjaman Kanak-kanak 30/08/2012 8 1 K 297.57 ROH A01378978 21/06/2025 19/04/2025 Book  
    Perpustakaan Awam Sungai Petani Pinjaman Kanak-kanak 30/08/2012 16 2 K 297.57 ROH A01378980 09/05/2026 09/05/2026 Book 30/05/2026
    Perpustakaan Baling Pinjaman Kanak-kanak 30/08/2012 7   K 297.57 ROH A01378983 15/06/2025 27/05/2025 Book  
    Perpustakaan Jitra Pinjaman Kanak-kanak 30/08/2012 4 1 K 297.57 ROH A01378981 04/01/2025 14/12/2024 Book  
    Perpustakaan Merbok Pinjaman Kanak-kanak 30/08/2012 5   K 297.57 ROH A01378984 11/12/2024 20/11/2024 Book